| 000 | 00614nam a22002172 4500 | ||
|---|---|---|---|
| 001 | 0000008794 | ||
| 005 | 20151217152041.0 | ||
| 008 | 080604s xx 000 0 eng d | ||
| 020 |
_a8121904137 : _cKES 1205 |
||
| 040 |
_aKABU _cKABU |
||
| 100 | 1 |
_aGhoshal, S. N. _@0000159535 |
|
| 245 | 1 | 0 |
_aNuclear physics / _c S. N. Ghoshal. |
| 250 | _aNew ed. | ||
| 260 |
_aNew Delhi : _bS. Chand, _c2007. |
||
| 300 | _axvi, 1055 p. | ||
| 650 | 0 |
_aNuclear phisics. _@0000159536 |
|
| 908 | _a080604 | ||
| 950 | _@1 | ||
| 999 |
_c7727 _d7727 |
||